00496 2200181 4500001002100000005001800021008004100039020001800080035002400098090001600122245004400138250001100182260005100193300003000244650001000274850001500284999001500299YOGYA-0211000000148620110202085159233 ind  a979-420-362-9 0010-021100000001486 aDEP 635 Ped aPedoman bertanam sayuran dataran rendah aCet. 1 aYogyakartabGadjah Mada University Pressc1995 aXI, 264 hlm.: ius.; 21 cm aSayur aYOPDYOG[B] a96D0024263